La recepción de la cultura europea en el pensamiento de Juan José Arreola /

En este en estudio sobre el autor zapotlense se trata la formación que recibió y sus relaciones con escritores contemporáneos como Juan Rulfo y otros. Se puntualiza la influencia de los autores europeos, entre ellos los escritores místicos españoles, los escritores Paul Bourget y Giovanni Papini; la...

Ausführliche Beschreibung

Gespeichert in:
Bibliographische Detailangaben
1. Verfasser: Vogt, Wolfgang (autor)
Weitere Verfasser: Vázquez Parada, Lourdes Celina (autor) (autor)
Format: Buch
Sprache:Spanisch
Veröffentlicht: Guadalajara, México : Universidad de Guadalajara, Coordinación General Académica, 2006, c2006
Schriftenreihe:(Producción Académica de los Miembros del Sistema Nacional de Investigadores)
Schlagworte:
Tags: Tag hinzufügen
Keine Tags, Fügen Sie das erste Tag hinzu!

MARC

LEADER 00000nam^a2200000^a^4500
001 000565554
005 20250521000000.0
009 20260310132049.686
020 |a 970-27-0966-0 
037 |a Acervo ITESO - Biblioteca 
041 |a ESP 
082 |a 860. 972063  |b VOG 
100 |a Vogt, Wolfgang  |e (autor) 
245 1 3 |a La recepción de la cultura europea en el pensamiento de Juan José Arreola /  |c W. Vogt, L.C. Vázquez Parada. 
264 4 |a Guadalajara, México :  |b Universidad de Guadalajara, Coordinación General Académica,  |c 2006, c2006 
300 |a 111 p. 
336 |a texto  |b txt  |2 rdacontenido 
337 |a sin mediación  |b n  |2 rdamedio 
338 |a volumen  |b nc  |2 rdasoporte 
440 1 |a (Producción Académica de los Miembros del Sistema Nacional de Investigadores) 
520 |a En este en estudio sobre el autor zapotlense se trata la formación que recibió y sus relaciones con escritores contemporáneos como Juan Rulfo y otros. Se puntualiza la influencia de los autores europeos, entre ellos los escritores místicos españoles, los escritores Paul Bourget y Giovanni Papini; la influencia de la cultura alemana y la recepción de la obra de Arreola en Alemania. 
545 0 |a El jalisciense Juan José Arreola (Zapotlán el Grande 1918 - Guadalajar, 2001) es sin duda una figura clave para la literatura nacional, creador de un mundo narrativo de metáforas precisas y textos breves, que transita entre la realidad y la fantasía siempre aderezado por un peculiar sentido del humor. Personaje autodidacta, cursó estudios de teatro y filología en los años 40, período en el que también estuvo al frente de las revistas Pan y Eos. Fue reconocido con los premios Jalisco de Literatura (1953), Xavier Villaurrutia (1963), Nacional de Periodismo (1977), Nacional de Lingüística y Literatura (1979) y de Literatura Latinoamericana y del Caribe Juan Rulfo (1992), entre otros. Gunther Stapenhorst (1946) fue su primer libro, pero Arreola ya se había dado a conocer anteriormente como cuentista. Varia invención (1949), Cinco cuentos (1951), Confabulario (1952), La hora de todos (1954), Confabulario total (1962), La feria (1963), Cuentos (1969), Palindroma (1971), Mujeres, animales y fantasías mecánicas (1972), La palabra educación (1973), Y ahora la mujer: ensayos (1974), Inventario (1976), Mi confabulario (1979), Confabulario personal (1981), Tres cuentos (1982), Luz azul (1983) y Ramón López Velarde: el poeta, el revolucionario (1998) son algunas de sus obras. Además, sus grandes dotes para la narración oral convertían sus presentaciones en espectáculos gozosos e hicieron de él un destacado promotor de la lectura y de la difusión cultural. 
649 |a XX 
650 |a Literatura Europea -  |x Historia y Crítica 
650 |a Literatura Jalisciense -  |x Historia y Crítica 
650 |a Literatura Mexicana -  |x Historia y Crítica 
650 |a Literatura Jalisciense -  |y Siglo XX 
650 |a Literatura Mexicana -  |y Siglo XX 
650 |a Arreola, Juan José -  |x Tema Principal 
700 |a Vázquez Parada, Lourdes Celina  |e (autor) 
910 |a Fondo Castillo-Martínez 
920 |a Impresos - Libros 
930 |a Fondos Especiales 
940 |a Literatura 
905 |a 127 
901 |a 0500344406  |b IT2  |c ESP  |i D125232  |u 20250521 
902 |a https://opac.biblio.iteso.mx/vufind/Record/000565554